| 000 | 00339 a2200133 4500 | ||
|---|---|---|---|
| 020 | _a1-85326-019-3 | ||
| 040 |
_aDLC _bDLC |
||
| 100 | 1 | _aThackeray, William Makepeace, | |
| 245 | 0 | 0 |
_aVanity fair _cWilliam Makepeace Thackeray |
| 260 |
_bWordsworth, _c1992 |
||
| 300 | _a951 s. | ||
| 490 | 0 | _aWordsworth classics | |
| 942 |
_cBK _k823.8 THA _2ddc |
||
| 999 |
_c5128 _d5128 |
||